000
00321nam a22001457a 4500
003
SGT
082
_a
651.74,GUP
100
_a
GUPTA,O.P
245
_a
BUSINESS COMMUNICATION
250
_a
1ST
260
_a
NEW DELHI
_b
S.CHAND
_c
2007
300
_a
307
650
_a
OFFICE SERVICES, OFFICE COMMUNICATION
942
_2
ddc
_c
FCM
999
_c
8911
_d
8911